| 000 | 00000nam##2200000za#4500 |
| 001 | 9.589951 |
| 003 | CaOODSP |
| 005 | 20210624195907 |
| 007 | cr ||||||||||| |
| 008 | 150406|2003||||xxc|||||o f|0| 0 eng|d |
| 022 | |a1488-5379 |
| 040 | |aCaOODSP|beng |
| 041 | |aeng |
| 041 | |afre |
| 043 | |an-cn--- |
| 086 | 1 |aFs97-6/2530-PDF |
| 110 | 1 |aCanada. |bDepartment of Fisheries and Oceans. |
| 245 | 10|aReport of the National Science Workshop 2003, Fisheries and Oceans Canada, Northwest Atlantic Fisheries Centre, St. John's, NL / |h[electronic resource]|cEditors C.H. Stirling
[et al.] |
| 260 | |aSt. John's - Newfoundland and Labrador : |bFisheries and Oceans Canada |c2003. |
| 300 | |a200p.|bcoloured illus. |
| 490 | 1 |aCanadian technical report of fisheries and aquatic sciences|x1488-5379|vNo. 2530 |
| 500 | |aOn t. p. : Canadian Hydrographic Service, Newfoundland and Labrador Region, St. John's, NL. The catalogue number and ISSN for the print edition appear in the PDF version. |
| 590 | |a14-06-Supp|b2014-03-21 |
| 720 | 1 |aStirling, C. H. |
| 792 | |tAtelier national des sciences 2003, Pêches et Océans Canada, Centre des pêches de l'Atlantique nord-ouest, St. John's, T.-N. / |efre|w(CaOODSP)9.589952 |
| 830 | #0|aCanadian technical report of fisheries and aquatic sciences,|x1488-5379|vNo. 2530|w(CaOODSP)9.500269 |
| 856 | 40|ahttp://publications.gc.ca|qPDF|s99.52 MB|uhttps://publications.gc.ca/collections/collection_2014/mpo-dfo/Fs97-6-2530.pdf|yNo. 2530 |